000 00712nam a22001937a 4500
003 SISC
005 20190128094811.0
008 171109b xxu||||| |||| 00| 0 eng d
050 _aCD PL 6061.2
_b.M43
245 _aMga e-aralin ng ibong adarna
260 _a[Philippines] :
_bC&E Publishing,
_c2011.
300 _a1 CD
440 _aCE-Learning
538 _aSystem requirements: MIcrosoft Windows XP or Higher, MAC OS X ver. 10.4 or Higher, 512 MB, Adobe Flash Player v.8+
650 _2Library of Congress Subject Headings
_aFeature films
_zPhilippines
650 _2Library of Congress Subject Headings
_aFolklore
_xJuvenile literature
_zPhilippines
942 _2lcc
_cAVM
999 _c344953
_d344953